000 00832nam a2200205Ia 4500
005 20241216011323.0
008 190429s9999||||xx |||||||||||||| ||und||
082 _a631.87
_bT81
100 _aTRINIDAD MENDOZA ROXANA KATHERIN
245 0 _aEVALUACION DEL NIVEL DE RIESGO SANITARIO DE LOS RESIDUOS SOLIDOS MUNICIPALES DEL DISTRITO DE YANACANCHA COMO PREVENCION DE PROBLEMAS AMBIENTALES Y DE SALUD ENERO - JUNIO 2013
_bCONTIENE CD
250 _a0
260 _aCERRO DE PASCO-PERU
_bUNDAC
_c2014
300 _a89 pag.
_c30 cm.
341 _h0
490 _v0
_a0
505 _aPLANTEAMIENTO DEL PROBLEMA/ MARCO DE REFERENCIA/ MATERIALES Y METODOS/ RESULTADOS Y DISCUSION/ CONCLUCIONES Y RECOMENDACIONES/ BIBLIOGRAFIA Y ANEXOS
541 _aD
_bTRINIDAD MENDOZA ROXANA K
_d21-Apr-15
_oSoles
650 _aAmbiental
942 _cTESIS
999 _c38695
_d38695